[Event "Belgrade-chT Quality"]
[Site "Belgrade"]
[Date "2019.10.13"]
[Round "4.1"]
[White "Kostic, Milutin B"]
[Black "Matic, Petar"]
[Result "1/2-1/2"]
[WhiteElo "2212"]
[BlackElo "2174"]
[PlyCount "41"]
[EventDate "2019.10.05"]
[EventType "team-tourn"]
[EventRounds "11"]
[EventCountry "SRB"]
[SourceTitle "EXT 2022"]
[Source "ChessBase"]
[SourceDate "2021.10.06"]
[SourceVersion "1"]
[SourceVersionDate "2021.10.06"]
[SourceQuality "1"]
[WhiteTeam "Romanticari"]
[BlackTeam "Belgrade Tehnicka Skola"]
[WhiteTeamCountry "SRB"]
[BlackTeamCountry "SRB"]

1. d4 Nf6 2. Nf3 e6 3. g3 b6 4. Bg2 Bb7 5. c4 Be7 6. 0-0 0-0 7. Nc3 Ne4 8. Nxe4 Bxe4 9. Ne1 Bxg2 10. Nxg2 d6 11. e4 e5 12. d5 Nd7 13. Qc2 Re8 14. Be3 a5 15. b3 Nf6 16. f3 Qd7 17. a3 Qh3 18. b4 Nd7 19. Rfc1 g6 20. Ne1 f5 21. exf5 1/2-1/2

[Event "Belgrade-chT Quality"]
[Site "Belgrade"]
[Date "2019.10.06"]
[Round "2.1"]
[White "Petrovic, Radenko"]
[Black "Matic, Petar"]
[Result "1-0"]
[WhiteElo "2047"]
[BlackElo "2174"]
[PlyCount "115"]
[EventDate "2019.10.05"]
[EventType "team-tourn"]
[EventRounds "11"]
[EventCountry "SRB"]
[SourceTitle "EXT 2022"]
[Source "ChessBase"]
[SourceDate "2021.10.06"]
[SourceVersion "1"]
[SourceVersionDate "2021.10.06"]
[SourceQuality "1"]
[WhiteTeam "Borca"]
[BlackTeam "Belgrade Tehnicka Skola"]
[WhiteTeamCountry "SRB"]
[BlackTeamCountry "SRB"]

1. d4 Nf6 2. c4 g6 3. Nc3 d5 4. Nf3 Bg7 5. Bg5 Ne4 6. cxd5 Nxg5 7. Nxg5 e6 8. Nf3 exd5 9. b4 0-0 10. e3 c6 11. Rc1 Qe7 12. b5 Nd7 13. Be2 Nb6 14. bxc6 bxc6 15. 0-0 Bd7 16. Nd2 f5 17. Nb3 f4 18. exf4 Rxf4 19. g3 Rf7 20. Bg4 Nc4 21. Bxd7 Qxd7 22. Na4 Raf8 23. Nac5 Qh3 24. Qe2 Bf6 25. Qe6 Qxe6 26. Nxe6 Re8 27. Nec5 Re2 28. Rce1 Rfe7 29. Rxe2 Rxe2 30. a4 Rb2 31. Rd1 Be7 32. Rd3 Bxc5 33. Nxc5 Nd6 34. Rb3 Rxb3 35. Nxb3 Nb7 36. f4 Kf7 37. Kf2 Ke6 38. g4 Kf6 39. Ke3 Ke6 40. h4 Kf6 41. f5 gxf5 42. g5+ Kg6 43. Kf4 Kh5 44. Kxf5 Kxh4 45. g6 hxg6+ 46. Kxg6 Kg4 47. Kf6 Nd6 48. Ke6 Nf5 49. Ke5 Ne3 50. Kd6 Kf4 51. Kxc6 Ke4 52. a5 Nc2 53. Kc5 Ne3 54. a6 Kd3 55. Na5 Kc3 56. Nc6 Nc2 57. Nxa7 Nb4 58. Nb5+ 1-0

[Event "Belgrade-chT"]
[Site "Belgrade"]
[Date "2018.05.11"]
[Round "5"]
[White "Maric, Dragan"]
[Black "Matic, Petar"]
[Result "1/2-1/2"]
[WhiteElo "2185"]
[BlackElo "2240"]
[PlyCount "93"]
[EventDate "2018.05.07"]
[EventType "team-swiss"]
[EventRounds "5"]
[EventCountry "SRB"]
[SourceTitle "CBM 184 Extra"]
[Source "ChessBase"]
[SourceDate "2018.06.28"]
[SourceVersion "1"]
[SourceVersionDate "2018.06.28"]
[SourceQuality "1"]
[WhiteTeam "Belgrade PTT"]
[BlackTeam "Belgrade Tehnicka Skola"]
[WhiteTeamCountry "SRB"]
[BlackTeamCountry "SRB"]

1. Nf3 Nf6 2. c4 g6 3. d4 Bg7 4. g3 0-0 5. Bg2 c5 6. d5 d6 7. Nc3 a6 8. 0-0 b5 9. cxb5 axb5 10. Nxb5 Ba6 11. Nc3 Nbd7 12. h3 Qb6 13. Re1 Rfb8 14. e4 Ne8 15. Bf1 Bxf1 16. Kxf1 Nc7 17. a4 Qa6+ 18. Qe2 Rb4 19. Qxa6 Rxa6 20. Ra3 Nb6 21. e5 dxe5 22. Nxe5 Nbxd5 23. Nxd5 Nxd5 24. Nd3 Rbxa4 25. Rb3 c4 26. Rb8+ Bf8 27. Nf4 Nxf4 28. Bxf4 Ra8 29. Rxa8 Rxa8 30. Rc1 Bg7 31. Rxc4 Bxb2 32. Rb4 Ba3 33. Rb8+ Rxb8 34. Bxb8 f5 35. g4 fxg4 36. hxg4 Kf7 37. Kg2 Ke6 38. Ba7 Ke5 39. Be3 Ke4 40. Bg5 Bd6 41. f3+ Kd3 42. Bc1 Ke2 43. Bg5 e5 44. Bf6 Kd3 45. Bg7 e4 46. fxe4 Kxe4 47. Kh3 1/2-1/2

[Event "Belgrade tt Cup"]
[Site "Belgrade"]
[Date "2015.04.20"]
[Round "1.1"]
[White "Dobrijevic, Milan"]
[Black "Matic, Petar"]
[Result "0-1"]
[WhiteElo "2251"]
[BlackElo "2262"]
[PlyCount "124"]
[EventDate "2015.04.20"]
[EventType "team-swiss"]
[EventRounds "5"]
[EventCountry "SRB"]
[SourceTitle "CBM 166 Extra"]
[Source "ChessBase"]
[SourceDate "2015.06.18"]
[SourceVersion "1"]
[SourceVersionDate "2015.06.18"]
[SourceQuality "1"]
[WhiteTeam "PTT"]
[BlackTeam "Bratstvo i Jedinstvo"]
[WhiteTeamCountry "SRB"]
[BlackTeamCountry "SRB"]

1. e4 e6 2. d4 d5 3. Nc3 Nf6 4. Bg5 Bb4 5. e5 h6 6. exf6 hxg5 7. fxg7 Rg8 8. a3 Bxc3+ 9. bxc3 Qf6 10. h4 gxh4 11. Qg4 Qxg7 12. Qxg7 Rxg7 13. Rxh4 Rg8 14. Nf3 Nd7 15. g3 Nb6 16. Rb1 Bd7 17. Ne5 f6 18. Ng4 Rf8 19. Kd2 Ke7 20. Bd3 Rf7 21. Re1 Rg7 22. Ne3 Kd6 23. Rh6 Rf8 24. Reh1 c5 25. R1h4 Bc6 26. Rf4 Nd7 27. Ng4 Ke7 28. Ne3 a5 29. Be2 b5 30. Bf3 b4 31. axb4 axb4 32. cxb4 cxb4 33. Rfh4 Rb8 34. Rh1 Nb6 35. Rb1 Na4 36. Ng4 Rf7 37. Rhh1 Nc3 38. Rb2 Bd7 39. Ne3 Kd6 40. Rh6 Rb6 41. Ng4 Ke7 42. Ne3 Rf8 43. Rh7+ Kd6 44. Rh6 Rf7 45. Ng4 Ke7 46. Ne3 Rg7 47. Ng4 Ne4+ 48. Bxe4 Rxg4 49. Bd3 Rxd4 50. f4 b3 51. c3 Ra4 52. Rh1 e5 53. fxe5 fxe5 54. Rh7+ Kd8 55. Rh8+ Kc7 56. Rh7 e4 57. Be2 Ra2 58. Kc1 e3 59. Kb1 Rh6 60. Rxd7+ Kxd7 61. Bg4+ Kd6 62. Rxb3 e2 0-1

[Event "Belgrade-chT Quality"]
[Site "Belgrade"]
[Date "2012.10.20"]
[Round "3"]
[White "Matic, Petar"]
[Black "Lazarevic, Zoran Voj"]
[Result "1-0"]
[WhiteElo "2249"]
[BlackElo "2117"]
[PlyCount "49"]
[EventDate "2012.10.13"]
[EventType "team-tourn"]
[EventRounds "11"]
[EventCountry "SRB"]
[SourceTitle "EXT 2019"]
[Source "ChessBase"]
[SourceDate "2018.10.10"]
[SourceVersion "1"]
[SourceVersionDate "2018.10.10"]
[SourceQuality "1"]

1. Nf3 c5 2. e4 d6 3. d4 cxd4 4. Nxd4 Nf6 5. Nc3 a6 6. Be3 e6 7. Be2 Be7 8. g4 Nc6 9. g5 Nd7 10. h4 Qc7 11. h5 b5 12. a3 Nb6 13. Nxc6 Qxc6 14. Qd4 Nc4 15. Bxc4 Qxc4 16. Qxg7 Rf8 17. g6 fxg6 18. Qxh7 gxh5 19. Qg6+ Kd7 20. Rxh5 Bf6 21. e5 dxe5 22. 0-0-0+ Kc6 23. Qg2+ e4 24. Nxe4 Bb7 25. Nd6+ 1-0

[Event "Belgrade tt Cup"]
[Site "Belgrade"]
[Date "2012.04.19"]
[Round "2.5"]
[White "Popovic, Aleksandar M"]
[Black "Matic, Petar"]
[Result "1-0"]
[WhiteElo "2318"]
[BlackElo "2254"]
[PlyCount "49"]
[EventDate "2012.04.18"]
[EventType "team-swiss"]
[EventRounds "5"]
[EventCountry "SRB"]
[SourceTitle "CBM 148 Extra"]
[Source "ChessBase"]
[SourceDate "2012.06.22"]
[SourceVersion "1"]
[SourceVersionDate "2012.06.22"]
[SourceQuality "1"]
[WhiteTeam "Belgrade PTT"]
[BlackTeam "Bratstvo i Jedinstvo"]
[WhiteTeamCountry "SRB"]
[BlackTeamCountry "SRB"]

1. e4 c5 2. Nf3 d6 3. d4 cxd4 4. Nxd4 Nf6 5. Nc3 g6 6. f4 Nc6 7. Be3 Bg7 8. Qd2 0-0 9. 0-0-0 Nxd4 10. Bxd4 Be6 11. Kb1 Rc8 12. Bd3 Bc4 13. Bxc4 Rxc4 14. Qe2 Rxd4 15. Rxd4 Nd7 16. e5 Nc5 17. Rhd1 Ne6 18. Ra4 b5 19. Qxb5 Qa8 20. Nd5 Rb8 21. Qc6 dxe5 22. Qxa8 Rxa8 23. f5 Nd4 24. fxg6 hxg6 25. c3 1-0

[Event "Belgrade tt Cup"]
[Site "Belgrade"]
[Date "2012.04.18"]
[Round "1.4"]
[White "Matic, Petar"]
[Black "Ravic, Nenad"]
[Result "1/2-1/2"]
[WhiteElo "2254"]
[BlackElo "2326"]
[PlyCount "55"]
[EventDate "2012.04.18"]
[EventType "team-swiss"]
[EventRounds "5"]
[EventCountry "SRB"]
[SourceTitle "CBM 148 Extra"]
[Source "ChessBase"]
[SourceDate "2012.06.22"]
[SourceVersion "1"]
[SourceVersionDate "2012.06.22"]
[SourceQuality "1"]
[WhiteTeam "Bratstvo i Jedinstvo"]
[BlackTeam "Belgrade Sigurnost"]
[WhiteTeamCountry "SRB"]
[BlackTeamCountry "SRB"]

1. d4 Nf6 2. c4 c5 3. d5 b5 4. cxb5 a6 5. b6 e6 6. Nc3 Nxd5 7. Nxd5 exd5 8. Qxd5 Nc6 9. Bg5 f6 10. Bf4 Qxb6 11. 0-0-0 Qb7 12. e4 Ne7 13. Qxb7 Bxb7 14. f3 0-0-0 15. Ne2 d5 16. Nc3 Ng6 17. Bg3 dxe4 18. Bc4 Rd4 19. Be6+ Kd8 20. Bf2 Rxd1+ 21. Rxd1+ Ke8 22. Nxe4 Bxe4 23. fxe4 Ne5 24. Bc8 c4 25. Bg3 a5 26. Bxe5 fxe5 27. Rd5 Be7 28. a4 1/2-1/2

[Event "Belgrade-chT Quality"]
[Site "Belgrade"]
[Date "2011.11.01"]
[Round "8"]
[White "Popovic, Predrag V"]
[Black "Matic, Petar"]
[Result "1/2-1/2"]
[WhiteElo "2164"]
[BlackElo "2263"]
[PlyCount "28"]
[EventDate "2011.10.15"]
[EventType "team-swiss"]
[EventRounds "11"]
[EventCountry "SRB"]
[SourceTitle "EXT 2012"]
[Source "ChessBase"]
[SourceDate "2011.11.24"]
[SourceVersion "1"]
[SourceVersionDate "2011.11.24"]
[SourceQuality "1"]

1. c4 Nf6 2. Nc3 g6 3. g3 Bg7 4. Bg2 0-0 5. d3 c5 6. e4 d6 7. Nge2 Nc6 8. 0-0 Rb8 9. h3 Nd4 10. Nxd4 cxd4 11. Nb5 Qb6 12. Rb1 a6 13. Na3 Qd8 14. Nc2 e5 1/2-1/2

[Event "Belgrade-chT Quality"]
[Site "Belgrade"]
[Date "2011.10.31"]
[Round "7"]
[White "Matic, Petar"]
[Black "Vujicic, Mirko"]
[Result "1-0"]
[WhiteElo "2263"]
[BlackElo "2299"]
[PlyCount "61"]
[EventDate "2011.10.15"]
[EventType "team-swiss"]
[EventRounds "11"]
[EventCountry "SRB"]
[SourceTitle "EXT 2012"]
[Source "ChessBase"]
[SourceDate "2011.11.24"]
[SourceVersion "1"]
[SourceVersionDate "2011.11.24"]
[SourceQuality "1"]

1. d4 d5 2. c4 dxc4 3. Nf3 Nf6 4. e3 e6 5. Bxc4 c5 6. 0-0 a6 7. Qe2 cxd4 8. Rd1 Be7 9. exd4 0-0 10. Nc3 b5 11. Bd3 Bb7 12. Bg5 Nbd7 13. Ne5 Rc8 14. a4 b4 15. Na2 a5 16. Nc1 Nd5 17. Bd2 N7f6 18. Nb3 Nb6 19. Nxa5 Ba8 20. Bb5 Qd5 21. Qf3 Ne4 22. Be3 f6 23. Nd3 Rfd8 24. Qh3 f5 25. Nf4 Qd6 26. d5 Ng5 27. Qh5 e5 28. Bxb6 Qxb6 29. Nc4 Rxc4 30. Bxc4 Qd6 31. Ne6 1-0

[Event "Belgrade tt Cup"]
[Site "Belgrade"]
[Date "2011.04.14"]
[Round "2"]
[White "Vujicic, Mirko"]
[Black "Matic, Petar"]
[Result "1-0"]
[WhiteElo "2295"]
[BlackElo "2262"]
[PlyCount "71"]
[EventDate "2011.04.13"]
[EventType "team-tourn"]
[EventRounds "5"]
[EventCountry "SRB"]
[SourceTitle "CBM 141 Extra"]
[Source "ChessBase"]
[SourceDate "2011.05.03"]
[SourceVersion "1"]
[SourceVersionDate "2011.05.03"]
[SourceQuality "1"]

1. e4 e6 2. d4 d5 3. Nd2 Nf6 4. e5 Nfd7 5. c3 c5 6. f4 Nc6 7. Ndf3 Qb6 8. Ne2 Be7 9. g3 0-0 10. Kf2 cxd4 11. cxd4 f6 12. Kg2 fxe5 13. fxe5 Ndxe5 14. dxe5 Nxe5 15. Ned4 Ng4 16. h3 e5 17. hxg4 Bxg4 18. Qc2 e4 19. Ne5 Rac8 20. Qb3 Rf2+ 21. Kxf2 Qxd4+ 22. Kg2 Qxe5 23. Bf4 Bf3+ 24. Kh2 Qh5+ 25. Bh3 Bxh1 26. Rxh1 Qe2+ 27. Bg2 Qh5+ 28. Kg1 Bc5+ 29. Kf1 Qf7 30. Ke2 a5 31. Rd1 g5 32. Be3 Bxe3 33. Kxe3 Rc4 34. Qb6 Kg7 35. Qd8 Qf6 36. Rxd5 1-0

[Event "Belgrade-chT Quality"]
[Site "Belgrade"]
[Date "2009.10.31"]
[Round "9"]
[White "Matic, Petar"]
[Black "Popovic, Djordje D"]
[Result "1-0"]
[WhiteElo "2239"]
[BlackElo "2308"]
[PlyCount "93"]
[EventDate "2009.10.11"]
[EventType "team-tourn"]
[EventRounds "11"]
[EventCountry "YUG"]
[SourceTitle "CBM 133 Extra"]
[Source "ChessBase"]
[SourceDate "2010.01.05"]
[SourceVersion "1"]
[SourceVersionDate "2010.01.05"]
[SourceQuality "1"]

1. e4 c5 2. Nf3 e6 3. d4 cxd4 4. Nxd4 a6 5. Nc3 Qc7 6. Bd3 Nc6 7. Be3 Nf6 8. 0-0 Be7 9. Kh1 d6 10. f4 Bd7 11. a4 Nxd4 12. Bxd4 Bc6 13. Qe2 e5 14. Bg1 0-0 15. a5 exf4 16. Bb6 Qc8 17. Rxf4 Nd7 18. Bc4 Ne5 19. Bb3 h6 20. Raf1 Qd7 21. Bd4 Qd8 22. Qh5 Bg5 23. Rxf7 Rxf7 24. Rxf7 Kh8 25. Rf1 Qe7 26. Nd5 Qe8 27. Qe2 Rc8 28. Nb6 Rd8 29. Bd5 Bb5 30. c4 Bc6 31. b3 Qe7 32. Rf5 Rf8 33. Qf1 Bf6 34. h3 g6 35. Rf4 Kg7 36. Qa1 g5 37. Rf5 Nd3 38. Rxf6 Rxf6 39. Nc8 Qf8 40. Bxf6+ Qxf6 41. Qxf6+ Kxf6 42. Nxd6 Nc5 43. b4 Nd3 44. Bxc6 bxc6 45. b5 cxb5 46. cxb5 Nc5 47. Nb7 1-0

[Event "Belgrade-chT Quality"]
[Site "Belgrade"]
[Date "2009.10.18"]
[Round "3"]
[White "Matic, Petar"]
[Black "Zakic, Srdjan"]
[Result "1/2-1/2"]
[WhiteElo "2239"]
[BlackElo "2353"]
[PlyCount "100"]
[EventDate "2009.10.11"]
[EventType "team-tourn"]
[EventRounds "11"]
[EventCountry "YUG"]
[SourceTitle "CBM 133 Extra"]
[Source "ChessBase"]
[SourceDate "2010.01.05"]
[SourceVersion "1"]
[SourceVersionDate "2010.01.05"]
[SourceQuality "1"]

1. e4 c5 2. Nf3 Nc6 3. Bb5 g6 4. Bxc6 bxc6 5. 0-0 Bg7 6. c3 Nf6 7. Re1 0-0 8. d4 cxd4 9. cxd4 d5 10. e5 Ne4 11. Nc3 Nxc3 12. bxc3 Qa5 13. Bg5 Re8 14. Qc1 c5 15. Bh6 Bg4 16. Bxg7 Kxg7 17. Ng5 Bf5 18. Qf4 Qxc3 19. dxc5 Qc4 20. Qe3 d4 21. Rac1 Qd5 22. Red1 Red8 23. Qf4 h6 24. Nf3 d3 25. Rc4 Rac8 26. Nd4 Rxc5 27. Nxf5+ gxf5 28. Rxc5 Qxc5 29. Qxf5 d2 30. Qg4+ Kf8 31. Qh5 Ke8 32. Qxh6 Qxe5 33. Qe3 Qb2 34. h4 Qxa2 35. h5 Qc2 36. Qe2 a5 37. h6 Kf8 38. Qh5 a4 39. Qg4 Rd6 40. Qg7+ Ke8 41. Qg8+ Kd7 42. Qg4+ f5 43. Qe2 f4 44. h7 Qxh7 45. Qb5+ Ke6 46. Qc4+ Kf6 47. Qxf4+ Qf5 48. Qxa4 Qd3 49. Qf4+ Kg7 50. Qe3 Qxe3 1/2-1/2

[Event "Belgrade tt Cup"]
[Site "Belgrade"]
[Date "2007.04.10"]
[Round "2.4"]
[White "Jovanovic, Sasa M"]
[Black "Matic, Petar"]
[Result "1/2-1/2"]
[WhiteElo "2312"]
[BlackElo "2200"]
[PlyCount "29"]
[EventDate "2007.04.09"]
[EventType "team-tourn"]
[EventRounds "5"]
[EventCountry "YUG"]
[SourceTitle "EXT 2008"]
[Source "ChessBase"]
[SourceDate "2007.11.25"]
[SourceVersion "1"]
[SourceVersionDate "2007.11.25"]
[SourceQuality "1"]

1. e4 e6 2. d3 d5 3. Qe2 dxe4 4. dxe4 e5 5. Nf3 Nc6 6. c3 Nf6 7. Bg5 Be7 8. Nbd2 0-0 9. Nc4 Nd7 10. h4 f6 11. Bd2 Nb6 12. h5 Be6 13. Ne3 Bc5 14. Nh4 Ne7 15. Qb5 1/2-1/2

[Event "Belgrade tt Cup"]
[Site "Belgrade"]
[Date "2005.04.06"]
[Round "2"]
[White "Matic, Petar"]
[Black "Velickovic, Sasa"]
[Result "0-1"]
[WhiteElo "2227"]
[BlackElo "2406"]
[PlyCount "67"]
[EventDate "2005.04.05"]
[EventType "team-tourn"]
[EventRounds "5"]
[EventCountry "YUG"]
[SourceTitle "CBM 105 Extra"]
[Source "ChessBase"]
[SourceDate "2005.05.01"]
[SourceVersion "1"]
[SourceVersionDate "2005.05.01"]
[SourceQuality "1"]

1. d4 c5 2. d5 Nf6 3. Nf3 d6 4. c4 g6 5. Nc3 Bg7 6. e4 0-0 7. Be2 e6 8. 0-0 exd5 9. cxd5 a6 10. a4 Bg4 11. h3 Bxf3 12. Bxf3 Nbd7 13. Re1 Qe7 14. Be3 Rab8 15. Bf4 Rfe8 16. Qc2 h5 17. Be2 Nh7 18. Kh1 Bd4 19. f3 h4 20. Rad1 Ndf6 21. Bh2 Be5 22. Qd2 g5 23. f4 gxf4 24. Bf3 Nf8 25. Bxf4 Bxf4 26. Qxf4 Ng6 27. Qh6 Qe5 28. Rf1 b5 29. axb5 axb5 30. Be2 b4 31. Rf5 Qe7 32. Rdf1 bxc3 33. Rxf6 cxb2 34. Bd3 0-1